| 000 | 00453nam a2200193Ia 4500 | ||
|---|---|---|---|
| 005 | 20250425162712.0 | ||
| 008 | 250425s9999 xx 000 0 und d | ||
| 041 | _aspa | ||
| 043 | _asp | ||
| 082 | _a639.8 | ||
| 100 | _aLOPEZ FERNANDEZ, AVELINA | ||
| 245 | 0 | _aACUICULTURA COMO HERRAMIENTA PARA EL DESARROLLO | |
| 250 | _aS.E | ||
| 260 |
_aEspaƱa _bAECI _c2007 |
||
| 260 | _aMADRID | ||
| 650 | _aACUACULTURA | ||
| 942 | _c01 | ||
| 010 | _a97800 | ||
| 999 |
_c234688 _d234688 |
||